| Tag |
First Indicator |
Second Indicator |
Subfields |
| LEADER |
00000cam a2200000 4500 |
| 001 |
in00001108317 |
| 005 |
20150929212429.0 |
| 007 |
he bm----b--- |
| 008 |
770110s1867 fr af b 000 0 fre d |
| 035 |
|
|
|a (OCoLC)02669284
|
| 035 |
|
|
|9 AFU1156AM
|
| 040 |
|
|
|a MIA
|c MIA
|d MIA
|d m/c
|d TXA
|d UtOrBLW
|
| 049 |
|
|
|a TXAI
|
| 090 |
|
|
|a SB279.M4
|b D3
|
| 099 |
|
|
|a fiche
|a C
|a 7234
|
| 100 |
1 |
|
|a Demersay, Alfred,
|d -1891.
|
| 245 |
1 |
0 |
|a Étude économique sur le maté ou thé du Paraguay /
|c par le Docteur Alfred Demersay.
|
| 264 |
|
1 |
|a Paris :
|b V. Bouchard-Huzard,
|c 1867.
|
| 300 |
|
|
|a 45 pages :
|b frontispiece, plates. ;
|c 25 cm.
|
| 336 |
|
|
|a text
|b txt
|2 rdacontent
|
| 337 |
|
|
|a microform
|b h
|2 rdamedia
|
| 338 |
|
|
|a microfiche
|b he
|2 rdacarrier
|
| 500 |
|
|
|a At head of title: Société Impériale et Centrale d'Agriculture de France.
|
| 500 |
|
|
|a Extrait des Mémoires de la Société d'Agriculture, année 1865.
|
| 533 |
|
|
|a Microfiche.
|b Louisville [Ky.] :
|c Lost Cause Press,
|d 1975.
|e 2 microfiches : negative ; 10.5 x 14.8 cm. (Selected Americana from Sabin's Dictionary of books relating to America)
|
| 500 |
|
|
|a Microform.
|
| 650 |
|
0 |
|a Mate plant.
|
| 710 |
2 |
|
|a Académie d'agriculture de France.
|
| 999 |
|
|
|a MARS
|
| 999 |
f |
f |
|s aaf6bbd2-6b4a-30c3-bbc3-cc05a231036c
|i 818c44cc-1567-301d-b6d7-d0c02860ebb1
|t 0
|
| 952 |
f |
f |
|p normal
|a Texas A&M University
|b College Station
|c Sterling C. Evans Library
|d Evans: Microforms (3rd floor)
|t 0
|e fiche C 7234
|h Other scheme
|i microform -- microfiche
|m A14823053011
|
| 998 |
f |
f |
|a fiche C 7234
|t 0
|l Evans: Microforms (3rd floor)
|